|
|
|
|
| LEADER |
00000nab a2200000 a 4500 |
| 001 |
vtls000234319 |
| 003 |
SK-MaSNL |
| 005 |
20260318123640.0 |
| 008 |
111202c1985 xo 0 eng |
| 015 |
|
|
|a SNBRA19rr/mm-uuuuu
|
| 035 |
|
|
|a CL0244433
|
| 040 |
|
|
|a SNKBUCL
|b slo
|c SNKBUCL
|e AACR2
|
| 041 |
0 |
|
|a eng
|
| 044 |
|
|
|a xo
|c SK
|
| 080 |
|
|
|a 632.7:632.937.1
|2 1981
|
| 080 |
|
|
|a 632.937.1
|2 1981
|
| 100 |
1 |
|
|a Bírová, Helena,
|d 1929-
|4 aut
|9 37675
|
| 245 |
1 |
4 |
|a The Importance of Natural Enemies in Decreasing the Number of European Corn Borer (Ostrinia nubilalis Hbn.)
|b Hbn./.)
|c Helena Bírová
|
| 300 |
|
|
|b Res. slov.
|
| 650 |
0 |
7 |
|a vijačka kukuričná
|2 snkbucl
|9 13981
|
| 650 |
0 |
7 |
|a vijačka kukuričná
|2 snkbucl
|9 13981
|
| 655 |
|
7 |
|a články zo zborníkov
|2 snkbucl
|9 166140
|
| 773 |
0 |
|
|t Vedecké práce Výskumného ústavu kukurice v Trnave 14
|d Bratislava : Príroda, 1985
|g S. 129-131
|
| 850 |
|
|
|a Slovenská národná knižnica v Martine
|a MTA001
|
| 852 |
|
|
|a SNK
|b KIS3GCP
|
| 958 |
|
|
|a RK
|
| 992 |
|
|
|a RZB
|
| 999 |
|
|
|c 2649048
|d 2650978
|